000 00301nam a2200133Ia 4500
100 _aGhanekar/Sadashiv
650 _aGeneral
942 _cBK
654 _aShivankala
245 _aShivankala Tailoring Coursesakith
260 _bMonorama Prakashan
_aPune
_c1992
300 _a264
546 _aMARATHI
999 _c18790
_d18790